|
|
|
|
| LEADER |
01511nam a22002417a 4500 |
| 008 |
131018b xxu||||| |||| 00| 0 eng d |
| 999 |
|
|
|c 4312
|d 4312
|
| 082 |
|
|
|a 894.14
|b KRI
|
| 100 |
|
|
|a ക്യഷ്ണവാരിയര്, പി. വി.
|
| 240 |
|
|
|a Prabandhangal
|
| 245 |
|
|
|a പ്രബന്ധങ്ങള് /
|c പി. വി. ക്യഷ്ണവാരിയര്
|
| 250 |
|
|
|a 1st ed.
|
| 260 |
|
|
|a ശുകപുരം :
|b വള്ളത്തോള് വിദ്യാപീഠം,
|c 1985.
|
| 300 |
|
|
|a 196p.
|
| 650 |
|
|
|a Essays
|
| 700 |
|
|
|a Krishna Varier, P. V.
|
| 700 |
|
|
|a Kavikesari
|
| 942 |
|
|
|2 ddc
|c BK
|
| 952 |
|
|
|0 0
|1 0
|2 ddc
|4 0
|6 894_140000000000000_KRI
|7 0
|9 5281
|a MAIN
|b MAIN
|d 2013-10-18
|e Vallathol Vidyapeetham
|g 20.00
|o 894.14 KRI
|p 5350
|r 2013-10-18
|t 1
|w 2013-10-18
|y BK
|
| 952 |
|
|
|0 0
|1 0
|2 ddc
|4 0
|6 894_140000000000000_KRI
|7 0
|9 5282
|a MAIN
|b MAIN
|d 2013-10-18
|e Vallathol Vidyapeetham
|g 20.00
|l 1
|o 894.14 KRI
|p 5351
|r 2015-11-30
|s 2015-11-30
|t 2
|w 2013-10-18
|y BK
|
| 952 |
|
|
|0 0
|1 0
|2 ddc
|4 0
|6 894_140000000000000_KRI
|7 0
|9 5283
|a MAIN
|b MAIN
|d 2013-10-18
|e Vallathol Vidyapeetham
|g 20.00
|o 894.14 KRI
|p 5352
|r 2013-10-18
|t 3
|w 2013-10-18
|y BK
|
| 952 |
|
|
|0 0
|1 0
|2 ddc
|4 0
|6 894_140000000000000_KRI
|7 0
|9 5284
|a MAIN
|b MAIN
|d 2013-10-18
|e Vallathol Vidyapeetham
|g 20.00
|l 3
|o 894.14 KRI
|p 5353
|r 2015-03-24
|s 2015-03-23
|t 4
|w 2013-10-18
|y BK
|
| 952 |
|
|
|0 0
|1 0
|2 ddc
|4 0
|6 894_140000000000000_KRI
|7 0
|9 5285
|a MAIN
|b MAIN
|d 2013-10-18
|e Vallathol Vidyapeetham
|g 20.00
|l 1
|o 894.14 KRI
|p 5354
|r 2015-12-11
|s 2015-11-30
|t 5
|w 2013-10-18
|y BK
|